[Event "Bhubaneswar SOA op 1st"]
[Site "Bhubaneswar"]
[Date "2024.02.01"]
[Round "6"]
[White "Dere, Pushkar"]
[Black "Subhayan, Kundu"]
[Result "0-1"]
[WhiteElo "2191"]
[BlackElo "2385"]
[PlyCount "59"]
[EventDate "2024.01.28"]
[EventType "swiss"]
[EventRounds "10"]
[EventCountry "IND"]
[SourceTitle "CB06_2024"]
[SourceDate "2024.02.07"]
[SourceVersion "1"]
[SourceVersionDate "2024.02.07"]
[SourceQuality "1"]

1. e4 e5 2. Nf3 Nc6 3. Bc4 Nf6 4. Ng5 d5 5. exd5 Na5 6. Bb5+ c6 7. dxc6 bxc6 8. Bd3 Nd5 9. Nf3 Bd6 10. 0-0 0-0 11. Re1 f5 12. Nxe5 Qf6 13. Nf3 g5 14. c4 Nf4 15. Bf1 g4 16. d4 gxf3 17. Qxf3 Ne6 18. Qc3 Nxd4 19. c5 Be5 20. Qxa5 f4 21. Nd2 Bf5 22. Nc4 Nf3+ 23. gxf3 Qg5+ 24. Kh1 Rf7 25. Bh3 Rg7 26. Bxf4 Qxf4 27. Nxe5 Bxh3 28. Qc3 Bg2+ 29. Kg1 Bxf3+ 30. Kf1 0-1

[Event "Bangalore op 1st"]
[Site "Bangalore"]
[Date "2024.01.21"]
[Round "5"]
[White "Short, Nigel D"]
[Black "Subhayan, Kundu"]
[Result "1-0"]
[WhiteElo "2592"]
[BlackElo "2385"]
[PlyCount "105"]
[EventDate "2024.01.18"]
[EventType "swiss"]
[EventRounds "10"]
[EventCountry "IND"]
[SourceTitle "CB05_2024"]
[SourceDate "2024.01.31"]
[SourceVersion "1"]
[SourceVersionDate "2024.01.31"]
[SourceQuality "1"]

1. e4 e5 2. Nf3 Nc6 3. Bb5 a6 4. Ba4 Nf6 5. 0-0 b5 6. Bb3 Bc5 7. c3 d6 8. d4 Bb6 9. Be3 0-0 10. Nbd2 h6 11. h3 Re8 12. Re1 Rb8 13. a3 exd4 14. cxd4 d5 15. e5 Ne4 16. Bc2 Bf5 17. Rc1 Na5 18. Bxh6 gxh6 19. Nxe4 dxe4 20. Bxe4 Bg6 21. Qc2 Kg7 22. d5 Nc4 23. Bxg6 fxg6 24. b3 Ne3 25. fxe3 Qxd5 26. Red1 Qf7 27. Qe4 Re7 28. Nh4 Re6 29. Kh1 Rf8 30. Rc6 Rfe8 31. Rxe6 Rxe6 32. Nf3 Re7 33. Rd3 Qe6 34. g4 Bc5 35. b4 Bb6 36. Rc3 Qf7 37. Kg2 Qa2+ 38. Kg3 Qf7 39. Rc6 Re6 40. Rc2 Re7 41. Kg2 Qb3 42. Nd4 Qxa3 43. Rf2 Bxd4 44. exd4 Rf7 45. Rxf7+ Kxf7 46. Qf3+ Qxf3+ 47. Kxf3 Ke6 48. Ke4 c6 49. h4 g5 50. h5 Kd7 51. d5 cxd5+ 52. Kxd5 Ke7 53. e6 1-0

[Event "Sitges op 47th"]
[Site "Sitges"]
[Date "2023.07.30"]
[Round "9"]
[White "Subhayan, Kundu"]
[Black "Janzelj, Tim"]
[Result "1-0"]
[WhiteElo "2326"]
[BlackElo "2453"]
[PlyCount "87"]
[EventDate "2023.07.22"]
[EventType "swiss"]
[EventRounds "9"]
[EventCountry "ESP"]
[SourceTitle "CBM 215 Extra"]
[Source "ChessBase"]
[SourceDate "2023.09.30"]
[SourceVersion "1"]
[SourceVersionDate "2023.09.30"]
[SourceQuality "1"]

1. e4 e6 2. d4 d5 3. Nc3 Nf6 4. e5 Nfd7 5. f4 c5 6. Nf3 Nc6 7. Be3 cxd4 8. Nxd4 Qb6 9. Qd2 Qxb2 10. Rb1 Qa3 11. Bb5 Nxd4 12. Bxd4 a6 13. Bxd7+ Bxd7 14. Rb3 Qe7 15. Rxb7 Rc8 16. 0-0 Qd8 17. f5 exf5 18. Kh1 Rc4 19. Rfb1 Be6 20. Bb6 Qc8 21. Nxd5 Rxc2 22. Qd3 Bxd5 23. Qxd5 Be7 24. Be3 0-0 25. Rxe7 f4 26. Bg1 Qf5 27. Rd1 Re2 28. Bc5 g5 29. e6 Re1+ 30. Bg1 Qxd5 31. Rxd5 fxe6 32. Rxg5+ Kh8 33. h4 Rg8 34. Kh2 Rxg5 35. Bd4+ Kg8 36. hxg5 Re2 37. Kh3 Rxa2 38. Rg7+ Kf8 39. Rxh7 Ra3+ 40. Kg4 f3 41. g6 fxg2 42. Rh8+ Ke7 43. g7 Ra4 44. Kf3 1-0

[Event "Barcelona Sant Marti op-A 23rd"]
[Site "Barcelona"]
[Date "2023.07.19"]
[Round "7"]
[White "Subhayan, Kundu"]
[Black "Md, Bashiq Imrose"]
[Result "1-0"]
[WhiteElo "2326"]
[BlackElo "1771"]
[PlyCount "65"]
[EventDate "2023.07.13"]
[EventType "swiss"]
[EventRounds "9"]
[EventCountry "ESP"]
[SourceTitle "CBM 215 Extra"]
[Source "ChessBase"]
[SourceDate "2023.09.30"]
[SourceVersion "1"]
[SourceVersionDate "2023.09.30"]
[SourceQuality "1"]

1. e4 c6 2. d4 d5 3. e5 c5 4. Nf3 Nc6 5. c3 cxd4 6. cxd4 Bg4 7. Nbd2 e6 8. a3 Nge7 9. h3 Bxf3 10. Nxf3 Nf5 11. b4 Qb6 12. Bb2 Be7 13. Bd3 0-0 14. 0-0 g6 15. Be2 Rac8 16. Qd2 Rc7 17. Qf4 Nxb4 18. g4 Ng7 19. axb4 Rc2 20. Ba3 Rxe2 21. b5 Bxa3 22. Rxa3 Rb2 23. Qh6 f6 24. exf6 Ne8 25. Ng5 Nxf6 26. Rf3 Qxb5 27. Nxe6 Rf7 28. Rxf6 Qe8 29. Rc1 Re2 30. Rxf7 Kxf7 31. Ng5+ Ke7 32. Qg7+ Kd6 33. Qc7# 1-0

[Event "Barcelona Sant Marti op-A 23rd"]
[Site "Barcelona"]
[Date "2023.07.16"]
[Round "4"]
[White "Shyam, Nikil P"]
[Black "Subhayan, Kundu"]
[Result "1/2-1/2"]
[WhiteElo "2473"]
[BlackElo "2326"]
[PlyCount "34"]
[EventDate "2023.07.13"]
[EventType "swiss"]
[EventRounds "9"]
[EventCountry "ESP"]
[SourceTitle "CBM 215 Extra"]
[Source "ChessBase"]
[SourceDate "2023.09.30"]
[SourceVersion "1"]
[SourceVersionDate "2023.09.30"]
[SourceQuality "1"]

1. d4 Nf6 2. Nf3 g6 3. g3 d5 4. Bg2 Bg7 5. 0-0 0-0 6. c3 a5 7. a4 c6 8. Na3 Nbd7 9. c4 dxc4 10. Nxc4 Nb6 11. Nce5 Bf5 12. b3 Nbd5 13. Bb2 Nb4 14. Rc1 Na2 15. Ra1 Nb4 16. Rc1 Na2 17. Ra1 Nb4 1/2-1/2

[Event "Barbera del Valles op 45th"]
[Site "Barbera del Valles"]
[Date "2023.07.11"]
[Round "8"]
[White "Subhayan, Kundu"]
[Black "Fernandez Borrego, Pablo"]
[Result "0-1"]
[WhiteElo "2326"]
[BlackElo "2402"]
[PlyCount "108"]
[EventDate "2023.07.04"]
[EventType "swiss"]
[EventRounds "9"]
[EventCountry "ESP"]
[SourceTitle "CBM 215 Extra"]
[Source "ChessBase"]
[SourceDate "2023.09.30"]
[SourceVersion "1"]
[SourceVersionDate "2023.09.30"]
[SourceQuality "1"]

1. e4 e6 2. d4 d5 3. Nc3 Nf6 4. e5 Nfd7 5. f4 c5 6. Nf3 Nc6 7. Be3 Be7 8. Qd2 0-0 9. dxc5 Qa5 10. a3 a6 11. Nd4 Nxd4 12. Bxd4 Bxc5 13. Rd1 Qc7 14. Be2 b5 15. 0-0 Bxd4+ 16. Qxd4 Qb6 17. Rf3 Rb8 18. g3 Bb7 19. Qxb6 Nxb6 20. Rd4 Rbc8 21. Kf2 Rc7 22. Ke1 Rfc8 23. Kd1 Nd7 24. a4 bxa4 25. Rxa4 d4 26. Rxd4 Bxf3 27. Bxf3 Nb6 28. Be2 a5 29. Bd3 Rd7 30. Rxd7 Nxd7 31. Kd2 Nc5 32. Nb5 f6 33. Nd6 Rb8 34. b3 fxe5 35. fxe5 Nd7 36. Bc4 Nxe5 37. Bxe6+ Kf8 38. Nc4 Ke7 39. Nxe5 Kxe6 40. Nc6 Ra8 41. Nd4+ Kd5 42. Kd3 Re8 43. Nf5 g6 44. Ne3+ Kc5 45. h4 Rd8+ 46. Ke4 Rd2 47. c3 Rb2 48. b4+ axb4 49. cxb4+ Rxb4+ 50. Ke5 Rb3 51. Kf4 Kd4 52. Ng4 Rb5 53. Ne3 h6 54. g4 g5+ 0-1

[Event "Barbera del Valles op 45th"]
[Site "Barbera del Valles"]
[Date "2023.07.06"]
[Round "3"]
[White "Solodovnichenko, Yuri"]
[Black "Subhayan, Kundu"]
[Result "1-0"]
[WhiteElo "2520"]
[BlackElo "2326"]
[PlyCount "77"]
[EventDate "2023.07.04"]
[EventType "swiss"]
[EventRounds "9"]
[EventCountry "ESP"]
[SourceTitle "CBM 215 Extra"]
[Source "ChessBase"]
[SourceDate "2023.09.30"]
[SourceVersion "1"]
[SourceVersionDate "2023.09.30"]
[SourceQuality "1"]

1. e4 c5 2. Nf3 d6 3. d4 cxd4 4. Nxd4 Nf6 5. Nc3 Nc6 6. Bg5 e6 7. Qd3 Bd7 8. 0-0-0 a6 9. f4 Be7 10. Be2 h6 11. Bh4 b5 12. a3 g5 13. Nxc6 Bxc6 14. fxg5 Nd7 15. Bg3 Ne5 16. Qd4 Qc7 17. gxh6 Bg5+ 18. Kb1 Rd8 19. a4 bxa4 20. Bxa6 0-0 21. Bb5 Bb7 22. Bxa4 Bxh6 23. Bh4 Bg7 24. Bxd8 Rxd8 25. Qb4 Nc6 26. Qc4 Qb6 27. Qb5 Qc7 28. Rd3 Ne5 29. Rg3 Rb8 30. Qe2 Qa5 31. Rd1 Ba6 32. Qf2 Ng4 33. Qf3 Ne5 34. Qf6 Ng6 35. Rxg6 fxg6 36. Qxe6+ Kh7 37. Bb3 Bxc3 38. Rxd6 Bf6 39. Rxa6 1-0

[Event "IND-ch 59th"]
[Site "New Delhi"]
[Date "2023.01.01"]
[Round "11"]
[White "Subhayan, Kundu"]
[Black "Lad, Mandar Pradip"]
[Result "1-0"]
[WhiteElo "2319"]
[BlackElo "1727"]
[PlyCount "91"]
[EventDate "2022.12.22"]
[EventType "swiss"]
[EventRounds "13"]
[EventCountry "IND"]
[SourceTitle "CBM 211 Extra"]
[Source "ChessBase"]
[SourceDate "2023.01.31"]
[SourceVersion "1"]
[SourceVersionDate "2023.01.31"]
[SourceQuality "1"]

1. e4 c5 2. Nf3 d6 3. d4 cxd4 4. Nxd4 Nf6 5. f3 e5 6. Nb3 d5 7. Bg5 d4 8. c3 Nc6 9. cxd4 exd4 10. Bb5 Bb4+ 11. Bd2 Bd6 12. Nxd4 0-0 13. Nxc6 bxc6 14. Bc4 Qc7 15. g3 Re8 16. Qe2 Rb8 17. b3 Bh3 18. Nc3 Ba3 19. Kf2 h5 20. Rad1 Rbd8 21. Na4 Bd6 22. Bg5 Be7 23. Bf4 Qa5 24. Rxd8 Rxd8 25. Rd1 Re8 26. Qd2 Bb4 27. Qd4 Nd7 28. Bd2 c5 29. Bxb4 cxb4 30. Qd5 Qxd5 31. Rxd5 Be6 32. Rd6 Bxc4 33. bxc4 Ne5 34. c5 a5 35. h3 Rb8 36. f4 Nc4 37. Rd5 Rc8 38. Rxh5 Nd2 39. Ke3 b3 40. axb3 Nxb3 41. Kd3 Rd8+ 42. Rd5 Rc8 43. Kc4 Nc1 44. Nb6 Rb8 45. Kb5 Ne2 46. c6 1-0

[Event "IND-ch 59th"]
[Site "New Delhi"]
[Date "2022.12.26"]
[Round "5"]
[White "Subhayan, Kundu"]
[Black "Krishna, C Revanth Gopala"]
[Result "1/2-1/2"]
[WhiteElo "2319"]
[BlackElo "2480"]
[PlyCount "99"]
[EventDate "2022.12.22"]
[EventType "swiss"]
[EventRounds "13"]
[EventCountry "IND"]
[SourceTitle "CBM 211 Extra"]
[Source "ChessBase"]
[SourceDate "2023.01.31"]
[SourceVersion "1"]
[SourceVersionDate "2023.01.31"]
[SourceQuality "1"]

1. e4 e6 2. d4 d5 3. Nc3 Nf6 4. e5 Nfd7 5. f4 c5 6. Nf3 Nc6 7. Be3 Be7 8. Qd2 0-0 9. a3 Qa5 10. Bd3 f6 11. exf6 Nxf6 12. dxc5 Rd8 13. Nb5 Qxd2+ 14. Kxd2 Ne4+ 15. Ke1 Nxc5 16. Be2 Ne4 17. Rd1 Bf6 18. Nbd4 Bd7 19. c3 Na5 20. Nd2 Nxd2 21. Rxd2 Nc4 22. Bxc4 dxc4 23. Kf2 e5 24. fxe5 Bxe5 25. Nf3 Bf6 26. Bd4 Bxd4+ 27. Rxd4 Be6 28. Re1 Rxd4 29. Nxd4 Rf8+ 30. Kg3 Bd7 31. Re7 Rf7 32. Rxf7 Kxf7 33. Kf4 Kf6 34. Ke4 Kg5 35. Nf3+ Kf6 36. Nd4 Kg5 37. Ke5 h5 38. Kd6 Be8 39. Ke7 Ba4 40. Ne6+ Kg6 41. Nd8 b6 42. Ke6 Kg5 43. Kd5 Kf5 44. Nf7 Kf4 45. Kd4 h4 46. Ne5 Bb5 47. Ng6+ Kg4 48. Ne5+ Kf4 49. Ng6+ Kg4 50. Ke4 1/2-1/2

[Event "IND-ch 59th"]
[Site "New Delhi"]
[Date "2022.12.25"]
[Round "4"]
[White "Karthik, Venkataraman"]
[Black "Subhayan, Kundu"]
[Result "1/2-1/2"]
[WhiteElo "2503"]
[BlackElo "2319"]
[PlyCount "61"]
[EventDate "2022.12.22"]
[EventType "swiss"]
[EventRounds "13"]
[EventCountry "IND"]
[SourceTitle "CBM 211 Extra"]
[Source "ChessBase"]
[SourceDate "2023.01.31"]
[SourceVersion "1"]
[SourceVersionDate "2023.01.31"]
[SourceQuality "1"]

1. e4 e5 2. Nf3 Nc6 3. Bb5 a6 4. Ba4 Nf6 5. 0-0 b5 6. Bb3 Bc5 7. c3 d6 8. d4 Bb6 9. a4 Bg4 10. h3 Bh5 11. Bg5 Rb8 12. axb5 axb5 13. d5 Ne7 14. Bxf6 gxf6 15. Nbd2 Qc8 16. Kh2 f5 17. Bc2 f4 18. Bd3 0-0 19. Be2 Bg6 20. Nh4 c6 21. Bg4 Qc7 22. dxc6 Qxc6 23. Qe2 Ra8 24. Bf3 Qc5 25. Nb3 Qc6 26. Nd2 Qc5 27. Nb3 Qc6 28. Nd2 Qc5 29. Rxa8 Rxa8 30. Nb3 Qc6 31. Nd2 1/2-1/2

[Event "IND-ch 59th"]
[Site "New Delhi"]
[Date "2022.12.22"]
[Round "1"]
[White "Subhayan, Kundu"]
[Black "Barbith, M Sangma1111"]
[Result "1-0"]
[WhiteElo "2319"]
[BlackElo "1664"]
[PlyCount "69"]
[EventDate "2022.12.22"]
[EventType "swiss"]
[EventRounds "13"]
[EventCountry "IND"]
[SourceTitle "CBM 211 Extra"]
[Source "ChessBase"]
[SourceDate "2023.01.31"]
[SourceVersion "1"]
[SourceVersionDate "2023.01.31"]
[SourceQuality "1"]

1. e4 c5 2. Nf3 d6 3. d4 cxd4 4. Nxd4 Nf6 5. f3 g6 6. c4 Bg7 7. Nc3 Nc6 8. Be3 Bd7 9. Be2 0-0 10. 0-0 a6 11. Qd2 Rc8 12. Rfd1 Ne5 13. b3 Nc6 14. Rac1 Rb8 15. Nxc6 Bxc6 16. a4 Re8 17. b4 b6 18. e5 dxe5 19. Qxd8 Rexd8 20. Rxd8+ Rxd8 21. b5 Bb7 22. Bxb6 Rc8 23. Be3 Nd7 24. Rd1 Nf8 25. c5 axb5 26. axb5 Ne6 27. Na4 Nd4 28. Bd3 Bd5 29. Rc1 Nb3 30. Bc4 e6 31. Bxb3 Bxb3 32. Nb6 Rc7 33. Rc3 Bd5 34. Nxd5 exd5 35. b6 1-0

[Event "Raipur Chhattisgarh"]
[Site "Raipur"]
[Date "2022.09.23"]
[Round "5"]
[White "Luong, Phuong Hanh"]
[Black "Subhayan, Kundu"]
[Result "0-1"]
[WhiteElo "2056"]
[BlackElo "2327"]
[PlyCount "100"]
[EventDate "2022.09.19"]
[EventType "swiss"]
[EventRounds "10"]
[EventCountry "IND"]
[SourceTitle "CBM 210 Extra"]
[Source "ChessBase"]
[SourceDate "2022.11.30"]
[SourceVersion "1"]
[SourceVersionDate "2022.11.30"]
[SourceQuality "1"]

1. d4 Nf6 2. Nf3 g6 3. g3 Bg7 4. Bg2 c5 5. d5 b5 6. 0-0 Bb7 7. Ne1 0-0 8. a4 b4 9. c4 bxc3 10. Nxc3 d6 11. a5 Na6 12. Nc2 Rb8 13. Ra4 Qe8 14. Rh4 Bc8 15. e4 Qd8 16. f4 Qxa5 17. Ne3 Ne8 18. Nc4 Qb4 19. Ne3 Bf6 20. Rh6 Kg7 21. Nc2 Qb3 22. f5 Nb4 23. Nxb4 Qxd1 24. Nxd1 Rxb4 25. Rh3 Kg8 26. g4 Bd4+ 27. Kh1 Ba6 28. Re1 Nf6 29. Ra3 Rb6 30. h3 Nd7 31. Bf1 Bxf1 32. Rxf1 a6 33. Nc3 Rfb8 34. Na4 Rb3 35. Rf3 Rxf3 36. Rxf3 Ne5 37. Ra3 Nc4 38. Ra2 Rb3 39. Kg2 Kg7 40. h4 Be3 41. Bxe3 Nxe3+ 42. Kg1 Nxg4 43. fxg6 hxg6 44. Nc3 Ne5 45. Kg2 a5 46. Rxa5 Rxb2+ 47. Kf1 Rb3 48. Ne2 Re3 49. Ra7 Kf6 50. Ra4 c4 0-1